00305nam a2200133Ia 45000030006000000080041000060400015000471000021000622450029000832500010001122600020001225460012001420050017001540STCL150530s9999 xx 000 0 und d aSTCLcSTCL aThomas, C.T.; Ed aTwentienth century verse aFirst bMacmillanc1979 aEnglish20220125170919.0